| 000 | 01178cam a22002774a 4500 | ||
|---|---|---|---|
| 090 | _c0 | ||
| 001 | 14077626 | ||
| 005 | 20070411082111.0 | ||
| 008 | 050817s2007 inua b 001 0 eng | ||
| 010 | _a 2005932409 | ||
| 020 | _a1587052539 | ||
| 040 |
_aDLC _cDLC _dDLC |
||
| 050 | 0 | 0 |
_aTK5105.59 _b.D4 2007 |
| 082 | 0 | 0 |
_a005.8 _222 _bDEC |
| 100 | 1 | _aDe Capite, Duane. | |
| 245 | 1 | 0 |
_aSelf-Defending Networks : _bThe Next Generation of Network Security / _cDuane De Capite. |
| 260 |
_aIndianapolis, IN : _bCisco Press, _cc2007. |
||
| 300 |
_axxiii, 239 p. : _bill. ; _c24 cm. |
||
| 490 | 0 | _aCisco Press networking technology series | |
| 504 | _aIncludes bibliographical references and index. | ||
| 650 | 0 |
_aComputer networks _xSecurity measures. |
|
| 856 | 4 | 1 |
_3Table of contents only _uhttp://www.loc.gov/catdir/toc/fy0708/2005932409.html |
| 942 |
_2ddc _cBB |
||
| 999 |
_c10495 _d10495 |
||